书目信息 |
| 题名: |
代数方程的根式解及伽罗瓦理论
|
|
| 作者: | 谢彦麟 编著 | |
| 分册: | ||
| 出版信息: | 哈尔滨 哈尔滨工业大学出版社 2011.03 |
|
| 页数: | 158页 | |
| 开本: | 25cm | |
| 丛书名: | 数学·统计学系列 | |
| 单 册: | ||
| 中图分类: | O151.1 , O153.4 | |
| 科图分类: | ||
| 主题词: | 代数方程--dai shu fang cheng , 伽罗瓦理论--jia luo wa li lun | |
| 电子资源: | ||
| ISBN: | 978-7-5603-3233-8 | |
| 000 | 01135nam 2200289 450 | |
| 001 | 1129461838 | |
| 005 | 20111111081134.78 | |
| 010 | @a978-7-5603-3233-8@dCNY28.00@z7-5603-3233-1 | |
| 100 | @a20110615d2011 em y0chiy50 ea | |
| 101 | 0 | @achi |
| 102 | @aCN@b230000 | |
| 105 | @aa a 000yy | |
| 200 | 1 | @a代数方程的根式解及伽罗瓦理论@Adai shu fang cheng de gen shi jie ji jia luo wa li lun@d= The radical solutions of algebraic equation and galois theory@f谢彦麟编著@zeng |
| 210 | @a哈尔滨@c哈尔滨工业大学出版社@d2011.03 | |
| 215 | @a158页@c图@d25cm | |
| 225 | 2 | @a数学·统计学系列@Ashu xue · tong ji xue xi lie |
| 320 | @a有书目 (第155页) | |
| 330 | @a本书以还原历史的视角, 以一元方程的求根公式讲起, 配以大量简单例子帮助初学者通过自学掌握伽罗瓦理论这一抽象代数中的经典内容。 | |
| 410 | 0 | @12001 @a数学·统计学系列 |
| 510 | 1 | @aRadical solutions of algebraic equation and galois theory@zeng |
| 606 | 0 | @a代数方程@Adai shu fang cheng |
| 606 | 0 | @a伽罗瓦理论@Ajia luo wa li lun |
| 690 | @aO151.1@v4 | |
| 690 | @aO153.4@v4 | |
| 701 | 0 | @a谢彦麟@Axie yan lin@4编著 |
| 801 | 0 | @aCN@c20110615 |
| 905 | @dO151.1@eX483 | |
| 代数方程的根式解及伽罗瓦理论= The radical solutions of algebraic equation and galois theory/谢彦麟编著.-哈尔滨:哈尔滨工业大学出版社,2011.03 |
| 158页:图;25cm.-(数学·统计学系列) |
| ISBN 978-7-5603-3233-8:CNY28.00 |
| 本书以还原历史的视角, 以一元方程的求根公式讲起, 配以大量简单例子帮助初学者通过自学掌握伽罗瓦理论这一抽象代数中的经典内容。 |
| ● |
| 相关链接 |
|
|
|
正题名:代数方程的根式解及伽罗瓦理论
索取号:O151.1/X483
 
预约/预借
| 序号 | 登录号 | 条形码 | 馆藏地/架位号 | 状态 | 备注 |
| 1 | 1221501 | 212215011 | 自科库401/401自科库 41排1列4层/ [索取号:O151.1/X483] | 在馆 | |
| 2 | 1221502 | 212215020 | 自科库401/401自科库 41排1列4层/ [索取号:O151.1/X483] | 在馆 | |
| 3 | 1221503 | 212215039 | 自科库401/401自科库 41排1列4层/ [索取号:O151.1/X483] | 在馆 |